Turkestan in the nineteenth century: a brief history of the Khanates of Bukhara, Kokand and Khiva (Record no. 368478)

000 -LEADER
fixed length control field 00421cam a22001217a 4500
008 - FIXED-LENGTH DATA ELEMENTS--GENERAL INFORMATION
fixed length control field 180718b1959 xxu||||| |||| 00| 0 eng d
082 ## - DEWEY DECIMAL CLASSIFICATION NUMBER
Classification number A6x584 H713
100 ## - MAIN ENTRY--PERSONAL NAME
Personal name Holdsworth, Mary
245 ## - TITLE STATEMENT
Title Turkestan in the nineteenth century: a brief history of the Khanates of Bukhara, Kokand and Khiva
Statement of responsibility, etc. by Mary Holdsworth
260 ## - PUBLICATION, DISTRIBUTION, ETC.
Place of publication, distribution, etc. London
Name of publisher, distributor, etc. Central Asian Research Centre
Date of publication, distribution, etc. 1959
300 ## - PHYSICAL DESCRIPTION
Extent 81p.
650 ## - SUBJECT ADDED ENTRY--TOPICAL TERM
Topical term or geographic name entry element Turkestan - History
Holdings
Withdrawn status Lost status Damaged status Not for loan Permanent Location Current Location Date acquired Full call number Barcode Date last seen Price effective from Koha item type
        Indian Institute of Public Administration Indian Institute of Public Administration 1994-05-21 A6x584 H713 28191 2018-07-21 2018-07-21 Book

Powered by Koha